Ashe - Ashlyn - Statistics

General Stats
  • This quiz has been taken 3 times
  • The average score is 11 of 14
Answer Stats
Ashlyn % Correct
I'm fine
100%
Moral of the story
100%
Moral of the story ft. Niall Horan
100%
Not mad anymore
100%
Ryne's song
100%
Taylor
100%
When I'm older
100%
Always
67%
Kansas
67%
Love is not enough
67%
Me without you
67%
Serial monogamist
67%
Till forever falls apart
67%
Save myself
33%
No matching quizzes found
Score Distribution
Percent of People with Each Score
Percentile by Number Answered
Your Score History
You have not taken this quiz